000 00285nam a22001337a 4500
003 SGT
082 _a370
_bV99S
100 _aSINGH, J.P.
245 _aVINOBA'S UTOPIA OF THE FUTURE
260 _aNEW DELHI
_bINDIAN PUB
_c1999
300 _a193
650 _aEDUCATION
942 _2ddc
_cBK
999 _c12497
_d12497